Electronic Communications (Record no. 310087)
[ view plain ]
| 000 -LEADER | |
|---|---|
| fixed length control field | 00435nam a2200181Ia 4500 |
| 008 - FIXED-LENGTH DATA ELEMENTS--GENERAL INFORMATION | |
| fixed length control field | 230718s9999 xx 000 0 und d |
| 020 ## - INTERNATIONAL STANDARD BOOK NUMBER | |
| International Standard Book Number | 81-203-0984-7 |
| 041 ## - LANGUAGE CODE | |
| Language code of text/sound track or separate title | eng |
| 082 ## - DEWEY DECIMAL CLASSIFICATION NUMBER | |
| Classification number | 621.382 |
| Item number | ROD |
| 100 ## - MAIN ENTRY--PERSONAL NAME | |
| Personal name | Roddy D. |
| 245 ## - TITLE STATEMENT | |
| Title | Electronic Communications |
| 250 ## - EDITION STATEMENT | |
| Edition statement | 4th ed. |
| 260 ## - PUBLICATION, DISTRIBUTION, ETC. (IMPRINT) | |
| Date of publication, distribution, etc. | 2004 |
| Name of publisher, distributor, etc. | Prentice Hall Of India |
| 300 ## - PHYSICAL DESCRIPTION | |
| Extent | 820 |
| 365 ## - TRADE PRICE | |
| Currency code | Rs. |
| Price amount | 350.00 |
| 700 ## - ADDED ENTRY--PERSONAL NAME | |
| Personal name | Roddy D. & Coolen J. |
| 906 ## - LOCAL DATA ELEMENT F, LDF (RLIN) | |
| c | ETC |
| b | 70 |
| Withdrawn status | Lost status | Damaged status | Not for loan | Home library | Current library | Date acquired | Vendor | Budget Code | Cost, normal purchase price | Total Checkouts | Full call number | Barcode | Date last seen | Discount | Cost, replacement price | Bill Date | Koha item type | Original Barcode |
|---|---|---|---|---|---|---|---|---|---|---|---|---|---|---|---|---|---|---|
| Cummins College of Engineering for Women Pune | Cummins College of Engineering for Women Pune | 23/07/2009 | Technical Book Services | ETC | 280.00 | 621.382 | CCEP-BK-21294 | 18/07/2023 | 70 | 350.00 | 18/07/2023 | Books | 021294 |